Duques y Grandes Duques de Luxemburgo - Estadísticas

Estadísticas generales
  • Esta prueba ha sido intentada 12 veces
  • La puntuación promedio es 18 de 33
Estadísticas de respuestas
Período Grand Duque/Duquesa % Correcto
1780-1790 José
100%
1965-2000 Juan
100%
1418-1425 Juan II
100%
1467-1477 Carlos II
86%
1506-1556 Carlos III
86%
1665-1700 Carlos IV
86%
1713-1740 Carlos V
86%
2000-Act. Enrique
86%
1443-1467 Felipe I
86%
1482-1506 Felipe II
86%
1556-1598 Felipe III
86%
1621-1665 Felipe IV
86%
1700-1712 Felipe V
86%
1792-1794 Francisco II
71%
1815-1840 Guillermo I
57%
1840-1849 Guillermo II
57%
1849-1890 Guillermo III
57%
1905-1912 Guillermo IV
57%
1477-1482 Maximiliano I
43%
1712-1713 Maximiliano II
43%
1598-1621 Alberto
29%
1598-1621 Isabel Clara Eugenia
29%
1411-1443 Isabel I
29%
1790-1792 Leopoldo
29%
1477-1482 María I
29%
1740-1780 María II
29%
1919-1965 Carlota
14%
1354-1383 Wenceslao I
14%
1383-1388 Wenceslao II
14%
1890-1905 Adolfo
0%
1411-1415 Antonio I
0%
1388-1411 Jobst
0%
1912-1919 María Adelaida
0%
No se encontraron pruebas coincidentes
Distribución de puntuación
Porcentaje de gente con cada puntuación
Porcentaje por número respondido
Historial de tus puntuaciones
No has intentado esta prueba.